[Event "All China Games 4th"]
[Site "Hefei"]
[Date "2010.05.18"]
[Round "6"]
[White "Hong, Jiarong"]
[Black "Wang, Hao"]
[Result "0-1"]
[WhiteElo "2372"]
[BlackElo "2722"]
[PlyCount "94"]
[EventDate "2010.05.17"]
[EventType "swiss (rapid)"]
[EventRounds "11"]
[EventCountry "CHN"]
[SourceTitle "CBM 136 Extra"]
[Source "ChessBase"]
[SourceDate "2010.07.02"]
[SourceVersion "2"]
[SourceVersionDate "2010.07.15"]
[SourceQuality "1"]

1. e4 g6 2. c4 Bg7 3. Nc3 c5 4. g3 Nc6 5. Bg2 e6 6. Nge2 Nge7 7. 0-0 d6 8. Rb1 0-0 9. a3 Nd4 10. Nxd4 cxd4 11. Ne2 Rb8 12. b4 b5 13. cxb5 Rxb5 14. d3 Rb8 15. Bd2 d5 16. f3 Nc6 17. b5 Ne5 18. f4 Nxd3 19. Qc2 dxe4 20. Bxe4 Nc5 21. Qxc5 d3 22. Qe3 dxe2 23. Qxe2 Bb7 24. Bxb7 Rxb7 25. Rfd1 h5 26. Qf3 Rb8 27. Kh1 Qb6 28. a4 Rfd8 29. Be1 Rxd1 30. Rxd1 Rc8 31. Bf2 Qa5 32. Qe4 Bf6 33. Rd7 Qc3 34. Bxa7 Rc4 35. Qa8+ Kg7 36. Bf2 Qb2 37. Qe8 Qb1+ 38. Kg2 Qe4+ 39. Kh3 Qf5+ 40. Kg2 Bb2 41. Rd8 Kh6 42. Rd2 h4 43. gxh4 Qe4+ 44. Kh3 Qf3+ 45. Bg3 Rxf4 46. Qe7 Bf6 47. Qf8+ Kh5 0-1

[Event "All China Games 4th"]
[Site "Hefei"]
[Date "2010.05.17"]
[Round "1"]
[White "Hong, Jiarong"]
[Black "Xu, Jun"]
[Result "0-1"]
[WhiteElo "2372"]
[BlackElo "2508"]
[PlyCount "76"]
[EventDate "2010.05.17"]
[EventType "swiss (rapid)"]
[EventRounds "11"]
[EventCountry "CHN"]
[SourceTitle "CBM 136 Extra"]
[Source "ChessBase"]
[SourceDate "2010.07.02"]
[SourceVersion "2"]
[SourceVersionDate "2010.07.15"]
[SourceQuality "1"]

1. e4 c5 2. c3 Nf6 3. e5 Nd5 4. Nf3 Nc6 5. d4 cxd4 6. cxd4 d6 7. Nc3 dxe5 8. dxe5 Nxc3 9. Qxd8+ Nxd8 10. bxc3 Bd7 11. Rb1 Rc8 12. Bd2 g6 13. Nd4 Bg7 14. f4 f6 15. e6 Nxe6 16. Nxe6 Bxe6 17. Rxb7 f5 18. Rxa7 Kf7 19. Bb5 Rhd8 20. a4 Bd5 21. 0-0 Bxg2 22. Kxg2 Rxd2+ 23. Rf2 Bxc3 24. Rd7 Rxd7 25. Bxd7 Rd8 26. Rc2 Rxd7 27. Rxc3 Rd2+ 28. Kg3 Ra2 29. Rc4 Kg7 30. Rc7 Ra3+ 31. Kg2 Rxa4 32. Rxe7+ Kf6 33. Rxh7 Rxf4 34. h4 Ra4 35. h5 g5 36. Rb7 g4 37. h6 Ra2+ 38. Kg3 Kg5 0-1

[Event "CHN-chT 2nd"]
[Site "China"]
[Date "2006.06.13"]
[Round "5"]
[White "Wang, Yue"]
[Black "Hong, Jiarong"]
[Result "0-1"]
[WhiteElo "2598"]
[BlackElo "2333"]
[PlyCount "136"]
[EventDate "2006.04.04"]
[EventType "team-tourn"]
[EventRounds "18"]
[EventCountry "CHN"]
[SourceTitle "EXT 2017"]
[Source "ChessBase"]
[SourceDate "2016.10.25"]
[SourceVersion "1"]
[SourceVersionDate "2016.10.25"]
[SourceQuality "1"]
[WhiteTeam "Tianjing"]
[BlackTeam "Wuxi Huafang Construction"]
[WhiteTeamCountry "CHN"]
[BlackTeamCountry "CHN"]

1. d4 e6 2. c4 Nf6 3. Nc3 Bb4 4. Nf3 0-0 5. Bg5 h6 6. Bh4 d5 7. cxd5 exd5 8. e3 c6 9. Bd3 Nbd7 10. 0-0 Re8 11. Qc2 a6 12. Nd2 Qa5 13. Rae1 b5 14. Nb3 Qb6 15. a3 Bd6 16. Bg3 Bf8 17. Rc1 a5 18. a4 Ba6 19. Ra1 b4 20. Ne2 Bxd3 21. Qxd3 c5 22. dxc5 Nxc5 23. Nxc5 Bxc5 24. Rfd1 Ne4 25. Nf4 Qf6 26. Nxd5 Qxb2 27. Rdb1 Qd2 28. Qxd2 Nxd2 29. Rb2 Nc4 30. Rc2 Re4 31. f3 Bxe3+ 32. Kf1 Rd4 33. Rxc4 Rxd5 34. Ke2 Bg5 35. Rd1 Rxd1 36. Kxd1 Rd8+ 37. Kc2 Rd2+ 38. Kb1 Bf6 39. Rc5 Bd4 40. Rd5 b3 41. Kc1 b2+ 42. Kxd2 b1Q 43. Rxd4 Qb2+ 44. Ke3 Qxg2 45. Rc4 g5 46. f4 g4 47. Kd4 h5 48. f5 h4 49. Be5 Qf2+ 50. Kd5 Qxf5 51. Rc6 g3 52. hxg3 hxg3 53. Rb6 Qf3+ 54. Kc5 g2 55. Rb8+ Kh7 56. Rh8+ Kg6 57. Rg8+ Kf5 58. Bd4 Ke6 59. Kc4 f5 60. Rg6+ Kf7 61. Rg7+ Kf8 62. Rg5 Qc6+ 63. Kd3 Qe4+ 64. Kc3 f4 65. Kc4 f3 66. Kc3 f2 67. Bc5+ Kf7 68. Bxf2 Qf3+ 0-1

[Event "All China Games 3rd"]
[Site "Suzhou"]
[Date "2006.05.21"]
[Round "4"]
[White "Hong, Jiarong"]
[Black "Lin, Ta"]
[Result "1-0"]
[WhiteElo "2333"]
[BlackElo "2386"]
[PlyCount "197"]
[EventDate "2006.05.20"]
[EventType "swiss"]
[EventRounds "11"]
[EventCountry "CHN"]
[SourceTitle "CBM 112 Extra"]
[Source "ChessBase"]
[SourceDate "2006.07.14"]
[SourceVersion "1"]
[SourceVersionDate "2006.07.14"]
[SourceQuality "1"]

1. d4 d5 2. Nf3 Nf6 3. g3 c5 4. c3 e6 5. Bg2 Bd6 6. 0-0 0-0 7. Bf4 Bxf4 8. gxf4 b6 9. Nbd2 Bb7 10. e3 Na6 11. Kh1 Qe7 12. Ne5 Rfd8 13. Rg1 Nc7 14. Nf1 Ne4 15. Bxe4 dxe4 16. Qh5 f6 17. Ng4 Ne8 18. Nh6+ Kf8 19. Ng4 g6 20. Qh6+ Qg7 21. Qxg7+ Kxg7 22. h3 Rac8 23. Re1 h5 24. Ngh2 Nd6 25. Ng3 Kf7 26. Ne2 Ba6 27. Nc1 Nc4 28. Re2 cxd4 29. exd4 Rd5 30. f3 exf3 31. Nxf3 Rf5 32. Nh4 Rxf4 33. Nxg6 Rf3 34. d5 Rxh3+ 35. Kg2 Re3 36. dxe6+ Rxe6 37. Rxe6 Kxe6 38. Nd3 Ne5 39. Ndf4+ Kf7 40. Nxe5+ fxe5 41. Nxh5 Rd8 42. Kf3 Rd3+ 43. Ke4 Rh3 44. Rg5 Bc4 45. a3 Rh2 46. Kxe5 Rxb2 47. Rg7+ Kf8 48. Rxa7 Re2+ 49. Kd4 Bf7 50. Nf6 Rd2+ 51. Ke4 Bg6+ 52. Ke5 Re2+ 53. Kd6 Rd2+ 54. Ke5 Re2+ 55. Kf4 Rf2+ 56. Kg5 Rg2+ 57. Ng4 Bf7 58. Kf4 Rc2 59. Rc7 Ra2 60. Ne5 Be8 61. Ra7 Rc2 62. Rc7 Ra2 63. Nc4 b5 64. Nd6 Rxa3 65. Ke5 Ra8 66. Rh7 Kg8 67. Re7 Bc6 68. Rc7 Ra6 69. Kd4 Bg2 70. Nxb5 Bf1 71. Kc5 Rh6 72. Nd6 Rh7 73. Rc8+ Kg7 74. Ne4 Rh4 75. Nd6 Bd3 76. Kd5 Ra4 77. Re8 Ra5+ 78. Kd4 Bg6 79. Re6 Ra1 80. c4 Rd1+ 81. Kc3 Rc1+ 82. Kb4 Rb1+ 83. Ka5 Ra1+ 84. Kb6 Rb1+ 85. Kc6 Bd3 86. c5 Rc1 87. Kb6 Rb1+ 88. Kc7 Bf1 89. Kd8 Rc1 90. c6 Bh3 91. Ne8+ Kh7 92. Rd6 Ra1 93. c7 Ra8+ 94. Ke7 Ra2 95. Nf6+ Kg7 96. Nd7 Ra8 97. Rd3 Bf5 98. Rb3 Rc8 99. Kd6 1-0

[Event "CHN-chT 2nd"]
[Site "China"]
[Date "2006.04.05"]
[Round "2"]
[White "Hong, Jiarong"]
[Black "Tong, Yuanming"]
[Result "1/2-1/2"]
[WhiteElo "2333"]
[BlackElo "2510"]
[PlyCount "55"]
[EventDate "2006.04.04"]
[EventType "team-tourn"]
[EventRounds "18"]
[EventCountry "CHN"]
[SourceTitle "EXT 2017"]
[Source "ChessBase"]
[SourceDate "2016.10.25"]
[SourceVersion "1"]
[SourceVersionDate "2016.10.25"]
[SourceQuality "1"]
[WhiteTeam "Wuxi Huafang Construction"]
[BlackTeam "Shandong"]
[WhiteTeamCountry "CHN"]
[BlackTeamCountry "CHN"]

1. d4 Nf6 2. Nf3 e6 3. g3 c5 4. Bg2 cxd4 5. Nxd4 Nc6 6. 0-0 Qb6 7. e3 d5 8. c4 Nxd4 9. exd4 dxc4 10. Nc3 Be7 11. Qa4+ Bd7 12. Qxc4 Rc8 13. Qb3 Bc6 14. Qxb6 axb6 15. Bg5 0-0 16. Rfd1 Rfd8 17. Rab1 Kf8 18. Bxf6 Bxf6 19. d5 exd5 20. Nxd5 Bxd5 21. Bxd5 Rc2 22. b4 Be7 23. Kf1 Rd6 24. Bb3 Rcd2 25. a3 b5 26. Rxd2 Rxd2 27. Rd1 Rxd1+ 28. Bxd1 1/2-1/2

[Event "Wch U14"]
[Site "Oropesa del Mar"]
[Date "1999.10.25"]
[Round "2"]
[White "Mamedyarov, Shakhriyar"]
[Black "Hong, Jiarong"]
[Result "1-0"]
[WhiteElo "2201"]
[BlackElo "2141"]
[PlyCount "63"]
[EventDate "1999.10.24"]
[EventType "swiss"]
[EventRounds "11"]
[EventCountry "ESP"]
[SourceTitle "CBM 072 Extra"]
[Source "ChessBase"]
[SourceDate "1999.11.18"]
[SourceVersion "1"]
[SourceVersionDate "1999.11.18"]
[SourceQuality "1"]

1. d4 Nf6 2. Nf3 d6 3. Bf4 Nbd7 4. e3 g6 5. h3 Bg7 6. Bc4 0-0 7. 0-0 c5 8. c3 b6 9. Nbd2 Bb7 10. a4 a6 11. Bh2 Bc6 12. Qe2 Qc8 13. e4 Ne8 14. Rfe1 e5 15. dxe5 dxe5 16. Bd5 Nd6 17. Nc4 Nxc4 18. Qxc4 b5 19. Qe2 c4 20. Red1 h6 21. Qd2 Nc5 22. Nxe5 Nb3 23. Nxc6 Qd7 24. Qe3 Nxa1 25. Rxa1 Kh7 26. Nb4 a5 27. Bc6 Qd8 28. Nd5 b4 29. Bc7 Qc8 30. Bxa8 bxc3 31. bxc3 Qxa8 32. Qc5 1-0